DISEASES OF EAR,NOSE AND THROAT (Record no. 16916)

MARC details
000 -LEADER
fixed length control field 00388nam a22001697a 4500
003 - CONTROL NUMBER IDENTIFIER
control field SGT
020 ## - INTERNATIONAL STANDARD BOOK NUMBER
International Standard Book Number 978-81-312-4884-3
082 ## - DEWEY DECIMAL CLASSIFICATION NUMBER
Classification number 617.51
Item number D18D
100 ## - MAIN ENTRY--PERSONAL NAME
Personal name DHINGRA,P.L
245 ## - TITLE STATEMENT
Title DISEASES OF EAR,NOSE AND THROAT
250 ## - EDITION STATEMENT
Edition statement 7TH
260 ## - PUBLICATION, DISTRIBUTION, ETC. (IMPRINT)
Place of publication, distribution, etc NEW DELHI
Name of publisher, distributor, etc ELSEVIER
Year of Publication 2018
300 ## - PAGE DESCRIPTION
No. of Pages 540
650 ## - SUBJECT ADDED ENTRY--TOPICAL TERM
Topical term or geographic name as entry element AYURVEDA
653 ## - KEYWORDS--INDEX TERM
Keyword term DISEASES, EAR,NOSE,THROAT,
942 ## - ADDED ENTRY ELEMENTS (KOHA)
Source of classification or shelving scheme Dewey Decimal Classification
Koha item type Books
942 ## - ADDED ENTRY ELEMENTS (KOHA)
-- 17
Holdings
Withdrawn status Lost status Source of classification or shelving scheme Damaged status Use restrictions Not for loan Collection code Home library Current library Shelving location Date acquired Vendor Name Cost, normal purchase price SGTU Bill Number Full call number Accession No. (Barcode) Date last seen Bill Date Koha item type Total Checkouts Date last borrowed
    Dewey Decimal Classification   Restricted Access   AYURVEDA SGT FA-FP Library SGT FA-FP Library Reference Book 18/02/2019 AHUJA PUB 1170.00 SGTU 10644 617.51 D18D FA10061 18/02/2019 07/02/2019 Books    
    Dewey Decimal Classification       AYURVEDA SGT FA-FP Library SGT FA-FP Library Text Book 18/02/2019 AHUJA PUB 1170.00 SGTU 10644 617.51 D18D FA10062 22/07/2023 07/02/2019 Books 16 07/07/2023
    Dewey Decimal Classification       AYURVEDA SGT FA-FP Library SGT FA-FP Library Text Book 18/02/2019 AHUJA PUB 1170.00 SGTU 10644 617.51 D18D FA10063 10/06/2023 07/02/2019 Books 20 10/06/2023
    Dewey Decimal Classification       AYURVEDA SGT FA-FP Library SGT FA-FP Library Text Book 18/02/2019 AHUJA PUB 1170.00 SGTU 10644 617.51 D18D FA10064 06/05/2023 07/02/2019 Books 17 01/05/2023
    Dewey Decimal Classification       AYURVEDA SGT FA-FP Library SGT FA-FP Library Text Book 18/02/2019 AHUJA PUB 1170.00 SGTU 10644 617.51 D18D FA10065 06/12/2024 07/02/2019 Books 14 20/11/2024